SMG4 Forgotten Characters Quiz - Statistics

General Stats
  • This quiz has been taken 87 times
  • The average score is 9 of 19
Answer Stats
Youtube Channel Answer % Correct
weegiepie luigi
92%
theawesomemario mario
90%
smg3 smg3
90%
smg4 glitch and production smg4
88%
wario invasion wario
86%
chef bowser bowser
83%
peach makeup peach
83%
toadally awesome toad
72%
abg4 bob
53%
starman3 starman3
47%
fightingmario54321 fightingmario54321
31%
mariomario54321 mariomario54321
31%
prinplup14 enzo
26%
nintendofan996 channel xboxfan996
17%
pinkolol16 pinkolol16
14%
Armonzii xboxfan997
14%
therealgagedawg gagedawg
11%
austin haundley austindawgydawg
7%
electric boo Bot
4%
No matching quizzes found
Score Distribution
Percent of People with Each Score
Percentile by Number Answered
Your Score History
You have not taken this quiz